Follow That Line: Shakespeare Quiz Stats

 Plays Quiz Updated Jun 26, 2013

Challenge
Share
Tweet
Embed
Score 0/25 Timer 12:00
1 Play Today
% Correct
Fire burn, and cauldron bubble.
92.8%
That which we call a rose by any other name would smell as sweet.
92.2%
We fail! But screw your courage to the sticking place, and we'll not fail.
86.7%
The valiant never taste of death but once.
85.3%
He hath put all my substance into that fat belly of his.
85.3%
And lovers cannot see the pretty follies that themselves commit.
85.2%
It is the green-ey'd monster, which doth mock the meat it feeds on.
85.1%
For loan oft loses both itself and friend.
82.9%
They have their exits and their entrances, and one man in his time plays many parts.
81.5%
Than are dreamt of in your philosophy.
80.9%
A fellow of infinite jest, of most excellent fancy.
80.3%
Something wicked this way comes.
78.3%
Play on!
77.7%
% Correct
Made glorious summer by this son of York.
76.8%
He thinks too much; such men are dangerous.
74.1%
O brave new world that has such people in't!
73.3%
There rust, and let me die.
72.9%
And our little life is rounded with a sleep.
69.7%
It droppeth as the gentle rain from heaven upon the place beneath.
69.6%
Or close the wall up with our English dead!
69.4%
Lord what fools these mortals be!
69.2%
Save in the office and affairs of love.
69%
Your noble son is mad.
67.2%
Which I with sword will open.
66.5%
Why then, can one desire too much of a good thing?
61.2%

You're not logged in!

Compare scores with friends on all Sporcle quizzes.
Join for Free
OR
Log In

You Might Also Like...

Show Comments

Extras

Top Quizzes Today


Score Distribution

Your Account Isn't Verified!

In order to create a playlist on Sporcle, you need to verify the email address you used during registration. Go to your Sporcle Settings to finish the process.

Report this User

Report this user for behavior that violates our Community Guidelines.

Details: